000 00931nam a2200253Ia 4500
003 OSt
005 20241128122340.0
008 210716s2011 xx 000 0 und d
020 _a9788132105091
040 _cAIMIT LIBRARY
041 _aeng
082 _a001.0726584
_21
_bKUMS
245 _aHandbook of research in enterprise systems /
_cEdited by Sanjay Kumar, Jose Esteves and Elliot Bendoly.
250 _a1st ed.
260 _aNew Delhi :
_bSage Publications ,
_c2011.
300 _a322p. ;
_bHB
_c25.8 cm
650 _aEnterprise systems- evolving landscape and technological trends
_9187043
650 _aEnterprise systems- implementation and management
_9187044
650 _aEnterprise system- case studies and field applications
_9187045
700 _aKumar, Sanjay., ed.
_9187046
700 _aEsteves, Jose., ed.
_9187047
700 _aBendoly, Elliot., ed.
_9187048
942 _2ddc
_cBK
_e1st
_k001.0726584 KUMS
999 _c207869
_d207869